[Event "Wroclaw Black Horse op-B 1st"]
[Site "Wroclaw"]
[Date "2023.02.20"]
[Round "5"]
[White "Kulczycka, Zofia"]
[Black "Ozkan, Salih"]
[Result "0-1"]
[WhiteElo "1499"]
[BlackElo "1740"]
[PlyCount "120"]
[EventDate "2023.02.18"]
[EventType "swiss"]
[EventRounds "10"]
[EventCountry "POL"]
[SourceTitle "EXT 2024"]
[Source "ChessBase"]
[SourceDate "2023.10.10"]
[SourceVersion "1"]
[SourceVersionDate "2023.10.10"]
[SourceQuality "1"]

1. e4 e6 2. d4 d5 3. exd5 exd5 4. Nf3 c6 5. c4 Bb4+ 6. Nc3 Ne7 7. Bd3 dxc4 8. Bxc4 0-0 9. 0-0 Bg4 10. a3 Ba5 11. Bg5 Kh8 12. h3 Bh5 13. g4 Bg6 14. Ne5 f6 15. Nxg6+ Nxg6 16. Be3 f5 17. gxf5 Nh4 18. Bd3 Nxf5 19. Qh5 g6 20. Qg4 Nd7 21. Bg5 Qc7 22. Bf4 Qd8 23. Bg5 Qc8 24. Rfe1 Nf6 25. Bxf5 Qxf5 26. Qxf5 gxf5 27. Bf4 Rfe8 28. Be5 Kg7 29. Kh2 Kf7 30. Rg1 Rg8 31. f3 Rad8 32. Rad1 Rxg1 33. Rxg1 Bb6 34. Rd1 Nd5 35. Rg1 Nf6 36. Rd1 Rd7 37. Na4 c5 38. Nxb6 axb6 39. Kg3 Nd5 40. Kf2 Rd8 41. Rg1 Rg8 42. Rxg8 Kxg8 43. Ke2 c4 44. Kd2 b5 45. h4 Kf7 46. Ke2 Kg6 47. Kf2 f4 48. Kg2 Kf5 49. Kh3 Ne3 50. Bc7 h5 51. Ba5 Nc2 52. Bc3 Ke6 53. Kg2 Kd5 54. Bd2 Ne3+ 55. Bxe3 fxe3 56. Kf1 Kxd4 57. Ke2 b6 58. Ke1 Kd3 59. Kd1 e2+ 60. Ke1 Ke3 0-1

[Event "Budapest Titan Cup 1st"]
[Site "Budapest"]
[Date "2017.01.08"]
[Round "4"]
[White "Rigo, Jozsef"]
[Black "Ozkan, Salih"]
[Result "0-1"]
[WhiteElo "1497"]
[BlackElo "1768"]
[PlyCount "88"]
[EventDate "2017.01.06"]
[EventType "swiss"]
[EventRounds "5"]
[EventCountry "HUN"]
[SourceTitle "CBM 176 Extra"]
[Source "ChessBase"]
[SourceDate "2017.03.02"]
[SourceVersion "1"]
[SourceVersionDate "2017.03.02"]
[SourceQuality "1"]

1. Nf3 e6 2. g3 b6 3. Bg2 Bb7 4. c4 Nf6 5. Nc3 Bb4 6. Qc2 0-0 7. a3 Bxc3 8. Qxc3 a5 9. 0-0 d6 10. d3 h6 11. e4 e5 12. b3 c5 13. Bb2 Nh7 14. Nh4 Nc6 15. Nf5 Ne7 16. f4 f6 17. Ne3 Nc6 18. Nf5 Rf7 19. Rf2 Nf8 20. Raf1 Ne6 21. fxe5 dxe5 22. Bh3 Ncd4 23. Bg4 Nxf5 24. Bxf5 Nd4 25. Bg6 Rd7 26. Bc1 Bc8 27. Bh5 Rd6 28. Be3 Nxb3 29. Rd1 a4 30. Qc2 Ba6 31. Qe2 Qd7 32. Bg4 Qe7 33. Bf5 Bc8 34. Bg6 Be6 35. h4 Rad8 36. g4 Qd7 37. Rg2 Rxd3 38. Rf1 Bxc4 39. g5 hxg5 40. hxg5 Rxe3 41. Qh5 Qh3 42. Bh7+ Kh8 43. Qg6 Bxf1 44. gxf6 Qxg2+ 0-1

[Event "Porto op"]
[Site "Porto"]
[Date "2015.07.15"]
[Round "4"]
[White "Ozkan, Salih"]
[Black "Ferreira, Jorge Viterbo"]
[Result "0-1"]
[WhiteElo "1808"]
[BlackElo "2436"]
[PlyCount "88"]
[EventDate "2015.07.13"]
[EventType "swiss"]
[EventRounds "9"]
[EventCountry "POR"]
[SourceTitle "CBM 167 Extra"]
[Source "ChessBase"]
[SourceDate "2015.09.14"]
[SourceVersion "1"]
[SourceVersionDate "2015.09.14"]
[SourceQuality "1"]

1. e4 g6 2. Nc3 Bg7 3. d4 d6 4. h3 c6 5. a4 Nf6 6. Be3 Nbd7 7. Nf3 0-0 8. Nd2 Qc7 9. Nc4 d5 10. exd5 Nxd5 11. Nxd5 cxd5 12. Nd2 e5 13. Nf3 e4 14. Nd2 f5 15. g3 Nf6 16. Be2 Be6 17. Bf4 Qe7 18. Nb3 Ne8 19. Qd2 Nd6 20. Qb4 Rad8 21. h4 Bf6 22. c3 Bf7 23. Na5 Rd7 24. Qa3 Rc8 25. Nb3 b6 26. a5 Qd8 27. Ba6 Rb8 28. Nd2 bxa5 29. b3 Rb6 30. Qxa5 Kg7 31. Rc1 Rc6 32. Qxd8 Rxd8 33. Bxd6 Rdxd6 34. Be2 Bxd4 35. Nb1 Bf6 36. 0-0 Rc7 37. Rfd1 Rdc6 38. Na3 Rxc3 39. Rxc3 Rxc3 40. Nb5 Rxb3 41. Nxa7 d4 42. Rd2 d3 43. Bd1 Rb1 44. Kg2 Bc3 0-1

[Event "Koge Xtracon op"]
[Site "Koge"]
[Date "2013.10.18"]
[Round "6"]
[White "Ozkan, Salih"]
[Black "Prosviriakov, Vladimir"]
[Result "0-1"]
[WhiteElo "1797"]
[BlackElo "2300"]
[PlyCount "48"]
[EventDate "2013.10.14"]
[EventType "swiss"]
[EventRounds "9"]
[EventCountry "DEN"]
[SourceTitle "EXT 2014"]
[Source "ChessBase"]
[SourceDate "2013.11.20"]
[SourceVersion "1"]
[SourceVersionDate "2013.11.20"]
[SourceQuality "1"]

1. e4 e5 2. Nf3 Nc6 3. Bc4 d6 4. d4 exd4 5. Nxd4 g6 6. 0-0 Bg7 7. Nxc6 bxc6 8. Nc3 Ne7 9. Bg5 h6 10. Qf3 0-0 11. Bf6 Be6 12. Bxg7 Kxg7 13. Qd3 d5 14. Bb3 Qb8 15. Qd4+ Kh7 16. Qc5 Qe8 17. Rfe1 Qd7 18. Rad1 Rfd8 19. exd5 cxd5 20. Ne4 Ng8 21. Rd4 Qe7 22. Red1 dxe4 23. Qxe7 Rxd4 24. Qxf7+ Bxf7 0-1